Polimercementnyj beton /

Uložené v:
Podrobná bibliografia
Hlavný autor: Čerkinskij, Julij Samuilovič (Author)
Médium: Kniha
Jazyk:Russian
Vydané: Moskva : Strojizdat, 1984.
Vydanie:2. pererabot. i dopol. izd.
ISBN: (brož.)
Fyzický popis: 212 s.
Tagy: Pridať tag
Žiadne tagy, Buďte prvý kto otaguje tento záznam!

MARC

LEADER 00000nam a2200000 a 4500
001 000413713
005 20121221212411.0
008 040101s1984 ru e ruso
020 |a (brož.)  |c Kčs 8,50 
040 |a SVKKK  |b slo  |c SVKKK  |e AACR2 
041 0 |a rus 
044 |a ru  |c RU 
100 1 |a Čerkinskij, Julij Samuilovič.  |4 aut 
245 1 0 |a Polimercementnyj beton /  |c Julij Samuilovič Čerkinskij. 
250 |a 2. pererabot. i dopol. izd. 
260 |a Moskva :  |b Strojizdat,  |c 1984. 
300 |a 212 s. 
910 |a svkkk 
998 |a BK 
090 |g SCKHL  |k Sklad Pribinova 2. posch.  |a II.291621  |j 706281  |i B277289  |s Absenčne